<?xml version="1.0" encoding="UTF-8"?>
<record
    xmlns:xsi="http://www.w3.org/2001/XMLSchema-instance"
    xsi:schemaLocation="http://www.loc.gov/MARC21/slim http://www.loc.gov/standards/marcxml/schema/MARC21slim.xsd"
    xmlns="http://www.loc.gov/MARC21/slim">

  <leader>02523cam a22003135i 4500</leader>
  <datafield tag="020" ind1=" " ind2=" ">
    <subfield code="a">9783319787411</subfield>
  </datafield>
  <datafield tag="082" ind1="0" ind2="4">
    <subfield code="a">201.7081</subfield>
    <subfield code="b">LAM</subfield>
  </datafield>
  <datafield tag="100" ind1="1" ind2=" ">
    <subfield code="a">Lamrabet, Asma,</subfield>
  </datafield>
  <datafield tag="245" ind1="1" ind2="0">
    <subfield code="a">Women and Men in the Quran</subfield>
  </datafield>
  <datafield tag="250" ind1=" " ind2=" ">
    <subfield code="a">1st ed. 2018.</subfield>
  </datafield>
  <datafield tag="260" ind1=" " ind2=" ">
    <subfield code="a">Switzerland</subfield>
    <subfield code="b">Palgrave Macmillan</subfield>
    <subfield code="c">2018</subfield>
  </datafield>
  <datafield tag="300" ind1=" " ind2=" ">
    <subfield code="a">1 online resource (X, 195 pages)</subfield>
  </datafield>
  <datafield tag="505" ind1="0" ind2=" ">
    <subfield code="a">Chapter 1 Introduction -- Chapter 2 Beyond the Problematic of "the Muslim Woman" -- Chapter 3 The Qur'&#x101;nic Revelation in Seventh Century Arabia -- Chapter 4 An Alternative Approach to the Qur'&#x101;n -- Chapter 5 The Creation of Humanity -- Chapter 6 The Construction of Human Civilization -- Chapter 7 Moral Integrity as an Evaluation Criteria -- Chapter 8 The Egalitarian Call of the Qur'&#x101;n -- Chapter 9 The Qur'&#x101;nic Ethic of the Marital Union -- Chapter 10 The Principles of Divorce in the Qur'&#x101;n -- Chapter 11 The Shared Responsibility of Men and Women -- Chapter 12 The Management of Public and Private Spheres -- Chapter 13 The Basic Verses on Inheritance -- Chapter 14 Foundations of Corporal Ethic -- Chapter 15 The Equality of In-Court Testimony -- Chapter 16 Why Is There a Lag? -- Chapter 17 What Alternative Possibilities? -- Chapter 18 Equality, the Time of a Revelation.</subfield>
  </datafield>
  <datafield tag="520" ind1=" " ind2=" ">
    <subfield code="a">This book distinguishes Islam as a spiritual message from the sociopolitical context of its revelation. While the sacred text of the Quran reveals a clear empowerment of women and equality of believers, such spirit is barely reflected in the interpretations. Trapped between Western rhetoric that portrays them as submissive figures in desperate need of liberation, and centuries-old, parochial interpretations that have almost become part of the "sacred," Muslim women are pressured and profoundly misunderstood. Asma Lamrabet laments this state of affairs and the inclination of both Muslims and non-Muslims to readily embrace flawed human interpretations that devalue women rather than remaining faithful to the meaning of the Sacred Text. Full of insight, this study carefully reads the Qur'an to arrive at its deeper spiritual teachings.</subfield>
  </datafield>
  <datafield tag="650" ind1=" " ind2="0">
    <subfield code="a">Culture.</subfield>
  </datafield>
  <datafield tag="650" ind1=" " ind2="0">
    <subfield code="a">Gender identity</subfield>
  </datafield>
  <datafield tag="650" ind1=" " ind2="0">
    <subfield code="a">Gender.</subfield>
  </datafield>
  <datafield tag="650" ind1=" " ind2="0">
    <subfield code="a">Identity politics.</subfield>
  </datafield>
  <datafield tag="650" ind1=" " ind2="0">
    <subfield code="a">Islam-Doctrines.</subfield>
  </datafield>
  <datafield tag="650" ind1=" " ind2="0">
    <subfield code="a">Sex and law.</subfield>
  </datafield>
  <datafield tag="650" ind1=" " ind2="0">
    <subfield code="a">Women.</subfield>
  </datafield>
  <datafield tag="650" ind1="1" ind2="4">
    <subfield code="a">Religion and Gender.</subfield>
  </datafield>
  <datafield tag="650" ind1="2" ind2="4">
    <subfield code="a">Culture and Gender.</subfield>
  </datafield>
  <datafield tag="650" ind1="2" ind2="4">
    <subfield code="a">Gender, Sexuality and Law.</subfield>
  </datafield>
  <datafield tag="650" ind1="2" ind2="4">
    <subfield code="a">Islamic Theology.</subfield>
  </datafield>
  <datafield tag="650" ind1="2" ind2="4">
    <subfield code="a">Politics and Gender.</subfield>
  </datafield>
  <datafield tag="650" ind1="2" ind2="4">
    <subfield code="a">Women's Studies.</subfield>
  </datafield>
  <datafield tag="942" ind1=" " ind2=" ">
    <subfield code="c">BK</subfield>
  </datafield>
  <datafield tag="952" ind1=" " ind2=" ">
    <subfield code="0">0</subfield>
    <subfield code="1">0</subfield>
    <subfield code="4">0</subfield>
    <subfield code="7">0</subfield>
    <subfield code="a">HMI</subfield>
    <subfield code="b">HMI</subfield>
    <subfield code="c">GEN</subfield>
    <subfield code="d">2025-09-24</subfield>
    <subfield code="e">Kohinoor Book Distributor</subfield>
    <subfield code="g">3007.00</subfield>
    <subfield code="l">0</subfield>
    <subfield code="o">201.7081 LAM</subfield>
    <subfield code="p">26015</subfield>
    <subfield code="r">2025-09-24</subfield>
    <subfield code="w">2025-09-24</subfield>
    <subfield code="y">BK</subfield>
  </datafield>
  <datafield tag="999" ind1=" " ind2=" ">
    <subfield code="c">23575</subfield>
    <subfield code="d">23575</subfield>
  </datafield>
</record>
